Reflexiones sobre el espacio rural: un mundo en evolución sometido a profundas rupturas

La autora plantea tres rupturas para explicar la crisis del espacio rural en Europa desde mediados del siglo XX hasta hoy: 1) Ruptura demográfica, 2) Ruptura productiva agraria, 3) Ruptura tierra-espacio. Ubica el papel dependiente de las áreas rurales en el modelo de desarrollo funcional, pero esta...

תיאור מלא

שמור ב:
מידע ביבליוגרפי
מחבר ראשי: Canto Fresno, Consuelo del
פורמט: Texto
יצא לאור: Madrid: M.A.P.A.
נושאים:
תגים: הוספת תג
אין תגיות, היה/י הראשונ/ה לתייג את הרשומה!

MARC

LEADER 00000 a a2200000 04500
001 26520
003
040
090 |a 148700  
100 |a Canto Fresno, Consuelo del  
245 |a Reflexiones sobre el espacio rural: un mundo en evolución sometido a profundas rupturas  
260 |a Madrid:   |b M.A.P.A.  
300 |a 28 p  
520 |a La autora plantea tres rupturas para explicar la crisis del espacio rural en Europa desde mediados del siglo XX hasta hoy: 1) Ruptura demográfica, 2) Ruptura productiva agraria, 3) Ruptura tierra-espacio. Ubica el papel dependiente de las áreas rurales en el modelo de desarrollo funcional, pero esta política es muy rígida y debilita el desarrollo local, así que plantea el desarrollo local y regional desde la perspectiva del desarrollo territorial y se fundamenta en el programa LEADER, iniciativa que involucra cuatro dimensiones: 1) competitividad social, 2) competitividad medioambiental, 3) competitividad económica, 4) localización en el contexto global. Para el caso de España, el desarrollo económico se ha concebido como crecimiento sectorial, dejando de lado las otras dimensiones del "programa". Sin embargo, España comienza a incorporarse al desarrollo desde abajo a diferencia de los otros países europeos. La intervención en las áreas rurales responde a estrategias ordenancistas y productivistas que, a diferencia de otros países europeos, han incorporaedo las estrategias medioambientalistas y de desarrollo local endógeno. Tal situación evidencia la inclusión, muy lentamente, de soluciones y modelos alternativos para el desarrollo rural en españa./jamena  
650 |a DESARROLLO RURAL  
650 |a DESARROLLO REGIONAL  
650 |a DESARROLLO INTEGRADO  
650 |a POLITICA DE DESARROLLO  
650 |a AGRICULTURA  
999 |c 8225  |d 8225